Catálogo

La restauración de la taumaturga imagen de Nuestra Señora de Zapopan : (Registro nro. 59455)

Detalles MARC
000 -LEADER
fixed length control field 01041cam a2200277 i 4500
001 - CONTROL NUMBER
control field 59455
003 - CONTROL NUMBER IDENTIFIER
control field Mx-PuUPA
005 - DATE AND TIME OF LATEST TRANSACTION
control field 20250430104320.0
008 - FIXED-LENGTH DATA ELEMENTS--GENERAL INFORMATION
fixed length control field 140415s1994 mx ao gr 000 0 spa d
040 ## - CATALOGING SOURCE
Transcribing agency mx
Original cataloging agency Mx-PuUPA
Language of cataloging spa
Modifying agency Mx-PuUPA
Description conventions rda
041 0# - LANGUAGE CODE
Language code of text/sound track or separate title spa
100 0# - MAIN ENTRY--PERSONAL NAME
Personal name Sánchez Z., Leonardo
Relator term autor
9 (RLIN) 16996
245 13 - TITLE STATEMENT
Title La restauración de la taumaturga imagen de Nuestra Señora de Zapopan :
Remainder of title historia sucinta /
Statement of responsibility, etc. Fray Leonardo Sánchez Z., O.F.M.
264 #1 - PRODUCTION, PUBLICATION, DISTRIBUTION, MANUFACTURE, AND COPYRIGHT NOTICE
Place of production, publication, distribution, manufacture Zapopan, Jalisco :
Name of producer, publisher, distributor, manufacturer Impre-Jal,
Date of production, publication, distribution, manufacture, or copyright notice 1994
300 ## - PHYSICAL DESCRIPTION
Extent 30 páginas :
Other physical details ilustraciones, fotografías ;
Dimensions 28 cm
336 ## - CONTENT TYPE
Fuente rdacontent
Content type term texto
Content type code txt
337 ## - MEDIA TYPE
Source rdamedia
Media type term sin medio
Media type code n
338 ## - CARRIER TYPE
Source rdacarrier
Carrier type term volumen
Carrier type code nc
600 04 - SUBJECT ADDED ENTRY--PERSONAL NAME
Personal name Nuestra Señora de Zapopan
General subdivision Conservación y restauración
650 #7 - SUBJECT ADDED ENTRY--TOPICAL TERM
Source of heading or term armarc
Topical term or geographic name entry element Imágenes e ídolos
General subdivision Escultura primitiva
650 #7 - SUBJECT ADDED ENTRY--TOPICAL TERM
Source of heading or term armarc
Topical term or geographic name entry element Imágenes e ídolos
General subdivision Adoración
650 #7 - SUBJECT ADDED ENTRY--TOPICAL TERM
Source of heading or term armarc
Topical term or geographic name entry element Arte y religión
942 ## - ADDED ENTRY ELEMENTS (KOHA)
Source of classification or shelving scheme Dewey Decimal Classification
Koha item type Libro
Classification part 700.4820218
Item part S54
Existencias
Withdrawn status Lost status Source of classification or shelving scheme Damaged status Not for loan Collection code Home library Current library Shelving location Date acquired Total Checkouts Full call number Barcode Date last seen Price effective from Koha item type
    Dewey Decimal Classification     General Centro de Estudios Guadalupanos Centro de Estudios Guadalupanos Sala general 28/04/2025   700.4820218 S54 1994 92800 05/01/2026 28/04/2025 Libro